Countries name by emojis - Statistics

General Stats
  • This quiz has been taken 94 times
  • The average score is 9 of 15
Answer Stats
Hint Answer % Correct
JA🍳 Japan
97%
Den✔️ Denmark
89%
AN🚪RA Andorra
86%
I🏃 Iran
85%
🌶️ Chile
81%
O🧔 Oman
81%
🦃 Turkey
81%
🔔💪 Belgium
59%
🥶🏖️ Iceland
53%
S 🤕 Spain
42%
🇬🇧🌧️ Ukraine
36%
👋🍵 Haiti
35%
🗞️🏖️ New Zealand
30%
🕵️🏖️ Finland
28%
🕡 Ko🧻 South korea
28%
No matching quizzes found
Score Distribution
Percent of People with Each Score
Percentile by Number Answered
Your Score History
You have not taken this quiz